000
00317nam a2200133Ia 4500
005
20251222143215.0
008
251222s9999||||xx |||||||||||||| ||spa||
020
_a
0-689-71400-9
082
_a
808/R99
100
_a
Rylant, Cynthia
245
0
_a
Henry and Mudge in Puddle Trouble
264
_b
Aladdin
942
_c
LIB
999
_c
13614
_d
13614